000 00620nam a22001937a 4500
999 _c11100
_d11100
003 AR-CdUCM
008 190402b ||||| |||| 00| 0 spa d
040 _aMUNICIPALIDAD PROVINCIAL DEL CUSCO
_cBIBLIOTECA MUNICIPAL DEL CUSCO
082 _2EP / 372.46 /
_aL56
100 _aCosta Alva, Yanira
_927897
245 _aOasis :
_bLenguaje 3 /
260 _aLima :
_bADYRSA,
300 _a143 paginas ;
_bIlustraciones,
_c29 cm.
505 _aContenido :Ejercicios preliminares --Actividades de repaso /
650 _aEducación primaria
_91561
650 _aLibro infantil
_924758
942 _2ddc
_cLIBROS
945 _arjall